Countries that End in "O" With a Disappearing Map - Statistics

General Stats
  • This quiz has been taken 260 times
  • The average score is 8 of 12
Answers on the Map
Answers color-coded by a green-red scale on the quiz's map according to % correct below.
 
Answer Stats
Country % Correct
Togo
84%
Lesotho
80%
Mexico
78%
Morocco
78%
Kosovo
77%
Democratic Republic of the Congo
73%
Republic of the Congo
72%
Monaco
69%
Montenegro
62%
Burkina Faso
59%
San Marino
58%
Trinidad and Tobago
56%
No matching quizzes found
Score Distribution
Percent of People with Each Score
Percentile by Number Answered
Your Score History
You have not taken this quiz